000 00660nam a22002297a 4500
003 UA-OsUOA
001 100520
007 ta
008 20130528b un ||||| |||| 00| 0 ukr d
100 _aНіколайчук С.
700 _aМалюкова В.
090 _a330(477)
_bН71
942 _cSA
040 _aUA-OsUOA
_bukr
_cUA-OsUOA
_dUA-OsUOA
245 _aМоделювання впливу макроекономічних чинників на торговий баланс Україи
300 _aС.77-95
955 _a0
041 _aukr
080 _a330(477)
773 0 _w100513
650 7 _a330 Економіка взагалі
_2UDC
999 _c387161
_d387161